[Event "LVIII C.to Torinese Assoluto Finale"]
[Site "Torino ITA"]
[Date "2013.12.06"]
[Round "6"]
[White "Gallucci, Alessio"]
[Black "Barletta, Mauro"]
[WhiteElo "2208"]
[BlackElo "2190"]
[Result "1-0"]
[PlyCount "49"]
[EventDate "2013.11.04"]

1. d4 e6 2. Bf4 f5 3. Nc3 Nf6 4. g4 Bb4 5. gxf5 O-O 6. Qd3 d5 7. O-O-O c5 8.
dxc5 Bxc3 9. Qxc3 Ne4 10. Qe1 Qh4 11. Nh3 Rxf5 12. Bg3 Qh6+ 13. Kb1 Nc6 14. f3
Nxc5 15. e4 Rxf3 16. Bg2 Re3 17. Qg1 e5 18. exd5 Bxh3 19. dxc6 Bxg2 20. Qxg2
bxc6 21. Bf2 Rb8 22. Bxe3 Qxe3 23. Qxc6 Ne4 24. Qd5+ Kf8 25. Rhf1+ 1-0

[Event "LVIII C.to Torinese Assoluto Finale"]
[Site "Torino ITA"]
[Date "2013.12.06"]
[Round "6"]
[White "Pulito, Alberto"]
[Black "Fassio, Luca"]
[WhiteElo "2258"]
[BlackElo "2125"]
[Result "1/2-1/2"]
[PlyCount "54"]
[EventDate "2013.11.04"]

1. c4 g6 2. Nc3 Bg7 3. g3 e5 4. Bg2 Ne7 5. d3 O-O 6. e4 d6 7. Nge2 c5 8. O-O
Nbc6 9. Be3 Nd4 10. Nd5 Nxd5 11. exd5 Bg4 12. f3 Nxe2+ 13. Qxe2 Bd7 14. Rab1 a5
15. b3 b5 16. h3 b4 17. f4 f6 18. a4 Qe7 19. Rbe1 Rae8 20. Qf2 Bf5 21. Qd2 Bc8
22. d4 exd4 23. Bxd4 Qc7 24. Bb2 f5 25. Bf3 Qf7 26. Kf2 Bd7 27. h4 h5 1/2-1/2

[Event "LVIII C.to Torinese Assoluto Finale"]
[Site "Torino ITA"]
[Date "2013.12.06"]
[Round "6"]
[White "Sorcinelli, Francesco"]
[Black "Yao, Stefano"]
[WhiteElo "2216"]
[BlackElo "2066"]
[Result "1-0"]
[PlyCount "47"]
[EventDate "2013.11.04"]

1. e4 c6 2. Nc3 d5 3. d4 dxe4 4. Nxe4 Nd7 5. Nf3 Ngf6 6. Ng3 e6 7. Bd3 Bd6 8.
Qe2 Qc7 9. Bd2 O-O 10. O-O-O c5 11. Kb1 a6 12. Ne4 Nxe4 13. Qxe4 Nf6 14. Qe2 b5
15. dxc5 Bxc5 16. Bc3 Nd5 17. Be5 Qe7 18. h4 f6 19. Ng5 fxg5 20. Bxh7+ Kh8 21.
Qh5 Nf6 22. Bxf6 gxf6 23. hxg5 Qg7 24. gxf6 1-0

[Event "LVIII C.to Torinese Assoluto Finale"]
[Site "Torino ITA"]
[Date "2013.12.07"]
[Round "7"]
[White "Barletta, Mauro"]
[Black "Pepino, Enrico"]
[WhiteElo "2190"]
[BlackElo "2195"]
[Result "0-1"]
[PlyCount "80"]
[EventDate "2013.11.04"]

1. Nf3 g6 2. d4 Bg7 3. e4 d6 4. Nc3 Nf6 5. Be2 O-O 6. O-O c6 7. a4 a5 8. h3 Na6
9. Be3 Nb4 10. Qc1 Qc7 11. Nd2 e5 12. dxe5 dxe5 13. Bc5 Re8 14. Nc4 Nd7 15. Be3
b6 16. Rd1 Bf8 17. Bg4 Nc5 18. Bg5 Be6 19. Ne3 h5 20. Be2 Be7 21. Bxe7 Qxe7 22.
Nc4 Bxc4 23. Bxc4 Kg7 24. Qd2 Rad8 25. Qe2 Rd4 26. f3 Rxc4 27. Qxc4 Nxc2 28.
Nd5 cxd5 29. Qxc2 d4 30. f4 Rd8 31. fxe5 Qxe5 32. Ra3 d3 33. Raxd3 Rxd3 34.
Rxd3 Nxd3 35. Qxd3 Qxb2 36. Qd5 Qa1+ 37. Kh2 Qxa4 38. Qe5+ Kh7 39. Kg3 Qb3+ 40.
Kf4 h4 0-1

[Event "LVIII C.to Torinese Assoluto Finale"]
[Site "Torino ITA"]
[Date "2013.12.07"]
[Round "7"]
[White "Davi, Alessandro"]
[Black "Pulito, Alberto"]
[WhiteElo "2155"]
[BlackElo "2258"]
[Result "0-1"]
[PlyCount "120"]
[EventDate "2013.11.04"]

1. d4 e6 2. Nf3 f5 3. g3 Nf6 4. c4 Be7 5. Nc3 O-O 6. Bg2 d6 7. O-O a5 8. Qc2
Nc6 9. Rd1 Qe8 10. a3 e5 11. dxe5 dxe5 12. Nd5 Bd8 13. Nxf6+ Bxf6 14. e4 Qh5
15. c5 fxe4 16. Qxe4 Bf5 17. Qc4+ Kh8 18. Re1 e4 19. Rxe4 Bxe4 20. Qxe4 Rae8
21. Qc4 Bd4 22. Bf4 Qxc5 23. Qxc5 Bxc5 24. Rc1 Bb6 25. Bf1 Re7 26. Bc4 Nd4 27.
Nxd4 Bxd4 28. Rc2 h6 29. h4 Rfe8 30. Bd3 c6 31. b4 Be5 32. Bg6 Rd8 33. Bc1 a4
34. Bh5 Bf6 35. Kf1 Kh7 36. Be2 Rd5 37. Be3 Bd4 38. Bc4 Rdd7 39. Bd2 Rd6 40.
Be2 Rf6 41. Be1 Re3 42. Rd2 Bc3 43. Rd3 Bxe1 44. Rxe3 Bxf2 45. Rf3 Bxg3 46.
Rxf6 gxf6 47. h5 Bd6 48. Bd1 b5 49. Ke2 c5 50. Bc2+ Kg7 51. bxc5 Bxc5 52. Bd3
b4 53. axb4 Bxb4 54. Kf3 a3 55. Bc4 f5 56. Bb3 Kf6 57. Ba2 Ke5 58. Bb3 Bd6 59.
Ke3 f4+ 60. Kf3 Kd4 0-1

[Event "LVIII C.to Torinese Assoluto Finale"]
[Site "Torino ITA"]
[Date "2013.12.07"]
[Round "7"]
[White "Fassio, Luca"]
[Black "Sorcinelli, Francesco"]
[WhiteElo "2125"]
[BlackElo "2216"]
[Result "1/2-1/2"]
[PlyCount "20"]
[EventDate "2013.11.04"]

1. e4 g6 2. d4 Bg7 3. c3 d6 4. Nf3 b6 5. Bd3 Bb7 6. O-O e6 7. Re1 Ne7 8. b4 Nd7
9. a4 a6 10. Na3 h6 1/2-1/2

[Event "LVIII C.to Torinese Assoluto Finale"]
[Site "Torino ITA"]
[Date "2013.12.07"]
[Round "7"]
[White "Yao, Stefano"]
[Black "Gallucci, Alessio"]
[WhiteElo "2066"]
[BlackElo "2208"]
[Result "1-0"]
[PlyCount "73"]
[EventDate "2013.11.04"]

1. Nf3 g5 2. Nxg5 e5 3. d3 d5 4. e4 Nf6 5. exd5 Rg8 6. Qe2 Nxd5 7. Qxe5+ Be7 8.
Qe4 Rg6 9. Be2 Nc6 10. h4 Be6 11. Nc3 Ndb4 12. Bh5 Nxc2+ 13. Kd1 Nxa1 14. Nxe6
fxe6 15. Re1 Nd4 16. Nb5 Nac2 17. Bxg6+ hxg6 18. Qxg6+ Kd7 19. Nxd4 Nxd4 20.
Re4 c5 21. Be3 Bf6 22. Bxd4 cxd4 23. Rf4 Be5 24. Rf7+ Kd6 25. f4 Bh8 26. f5 Qe8
27. Rxb7 Be5 28. Qh7 Qc6 29. Qe7+ Kd5 30. Rd7+ Bd6 31. Qxe6+ Kc5 32. b4+ Kxb4
33. Rxd6 Qc3 34. Qe1 Qxe1+ 35. Kxe1 Rg8 36. Rg6 Re8+ 37. Kd2 1-0

[Event "II Weekend della Cipressina A"]
[Site "Venezia ITA"]
[Date "2013.11.29"]
[Round "1"]
[White "Alfier, Cecilia"]
[Black "Velluti, Alberto"]
[WhiteElo "1693"]
[BlackElo "1945"]
[Result "1-0"]
[PlyCount "114"]
[EventDate "2013.11.29"]

1. e4 e5 2. Nf3 Nc6 3. Bb5 a6 4. Ba4 Nf6 5. d3 b5 6. Bb3 Be7 7. c3 d5 8. exd5
Nxd5 9. h3 O-O 10. O-O Be6 11. Re1 Qd6 12. d4 exd4 13. cxd4 Bf6 14. Nc3 Nxc3
15. bxc3 Bf5 16. a4 b4 17. cxb4 Nxb4 18. Ba3 a5 19. Ne5 Rad8 20. Bxb4 axb4 21.
Qf3 Bc8 22. a5 Ba6 23. Rac1 Bb5 24. Qh5 Be8 25. Qe2 Ra8 26. Qe4 Rxa5 27. Nc4
Bc6 28. Nxd6 Bxe4 29. Nxe4 Bxd4 30. Rxc7 Ra3 31. Bd5 b3 32. Nd2 b2 33. Rxf7 Bc3
34. Rfe7+ Kh8 35. Re8 Bb4 36. Rxf8+ Bxf8 37. Nb3 g6 38. Rb1 Bg7 39. Kf1 Ra1 40.
Be4 Ra3 41. Bc2 Kg8 42. Ke2 Kf8 43. Kd3 Ke7 44. Kc4 Ra1 45. Nd4 Ra2 46. Bb3 Ra8
47. Rxb2 Rc8+ 48. Kd3 Rd8 49. Re2+ Kd6 50. Ne6 Rb8 51. Nxg7 Rxb3+ 52. Ke4 Rb7
53. Ne8+ Kc6 54. f4 Rf7 55. g4 Rf8 56. Kf3 Kd7 57. Ng7 Rf7 1-0

[Event "II Weekend della Cipressina A"]
[Site "Venezia ITA"]
[Date "2013.11.29"]
[Round "1"]
[White "Battagin, Mose'"]
[Black "Omeri, Silvan"]
[WhiteElo "1851"]
[BlackElo "2209"]
[Result "0-1"]
[PlyCount "48"]
[EventDate "2013.11.29"]

1. e4 c5 2. Nf3 d6 3. Bb5+ Bd7 4. Bxd7+ Nxd7 5. O-O e6 6. c3 Ngf6 7. Qe2 Be7 8.
d4 O-O 9. Rd1 Qc7 10. d5 exd5 11. exd5 c4 12. b3 Nb6 13. bxc4 Nxc4 14. Na3 Nxa3
15. Bxa3 Rfe8 16. Qd3 Rac8 17. Qf5 g6 18. Qh3 h5 19. Rab1 Ng4 20. Qg3 Bf8 21.
Nd4 a6 22. Rb3 b5 23. Bc1 Qc4 24. Nc2 Qe2 0-1

[Event "II Weekend della Cipressina A"]
[Site "Venezia ITA"]
[Date "2013.11.29"]
[Round "1"]
[White "Benetti, Lorenzo"]
[Black "Zamengo, Fulvio"]
[WhiteElo "1768"]
[BlackElo "2116"]
[Result "0-1"]
[PlyCount "58"]
[EventDate "2013.11.29"]

1. e4 g6 2. Nf3 Bg7 3. d4 c6 4. c3 d5 5. e5 h5 6. Bd3 Nh6 7. Nbd2 Bf5 8. Bxf5
Nxf5 9. Qb3 b6 10. a4 O-O 11. O-O e6 12. a5 Nd7 13. Qa4 Rc8 14. b4 f6 15. exf6
Qxf6 16. Bb2 e5 17. axb6 axb6 18. dxe5 Nxe5 19. b5 c5 20. Kh1 c4 21. Nxe5 Qxe5
22. Qa6 Nh4 23. Qxb6 Qg5 24. Qe6+ Kh7 25. g3 Rce8 26. Qc6 Qxd2 27. Ba3 Rxf2 28.
Rxf2 Qxf2 29. gxh4 Re2 0-1

[Event "II Weekend della Cipressina A"]
[Site "Venezia ITA"]
[Date "2013.11.29"]
[Round "1"]
[White "Boscolo, Marco"]
[Black "Santagati, Marco"]
[WhiteElo "2125"]
[BlackElo "1792"]
[Result "1-0"]
[PlyCount "75"]
[EventDate "2013.11.29"]

1. e4 d5 2. exd5 Qxd5 3. Nc3 Qd6 4. d4 Nf6 5. Nf3 a6 6. g3 Bg4 7. h3 Bh5 8. Bg2
Nc6 9. O-O e6 10. Bf4 Qd8 11. g4 Bg6 12. Re1 Bd6 13. Ne5 O-O 14. Nxg6 fxg6 15.
Be3 Rb8 16. Qd2 Qd7 17. Rad1 Nd8 18. Ne4 Be7 19. c4 Nf7 20. Ng5 Rbe8 21. Nxf7
Rxf7 22. Bxb7 c6 23. Bxa6 Ra8 24. c5 Ne4 25. Bc4 Bh4 26. f3 Ng3 27. Qg2 Kh8 28.
Bf2 Qc7 29. Re5 Raf8 30. Rd3 Nh5 31. gxh5 Bxf2+ 32. Qxf2 Rf6 33. Rde3 gxh5 34.
Bd3 Qd8 35. Rxh5 h6 36. Rh4 Rf4 37. Rxf4 Rxf4 38. Re4 1-0

[Event "II Weekend della Cipressina A"]
[Site "Venezia ITA"]
[Date "2013.11.29"]
[Round "1"]
[White "Civitareale, Alberto"]
[Black "Redo, Giorgio"]
[WhiteElo "1744"]
[BlackElo "2090"]
[Result "0-1"]
[PlyCount "108"]
[EventDate "2013.11.29"]

1. e4 c5 2. Nf3 Nc6 3. d4 cxd4 4. Nxd4 Nf6 5. Nc3 e5 6. Ndb5 Bb4 7. a3 Bxc3+ 8.
Nxc3 O-O 9. Bg5 h6 10. Bh4 d6 11. Bc4 Be6 12. Qe2 Rc8 13. Bxe6 fxe6 14. O-O Qb6
15. Qb5 Qxb5 16. Nxb5 Nxe4 17. f3 a6 18. fxe4 axb5 19. Rad1 Rxf1+ 20. Kxf1 g5
21. Bf2 Rd8 22. Bb6 Rd7 23. Bc5 d5 24. Bf2 Rd8 25. Ke2 Kf7 26. b3 Kf6 27. g4 d4
28. Be1 Ra8 29. Ra1 b4 30. a4 b5 31. Kd3 Ke7 32. Bd2 Kd6 33. Ke2 Kc5 34. Kd3
bxa4 35. Rxa4 Rxa4 36. bxa4 Na5 37. Be1 Nc4 38. h4 Nb2+ 39. Ke2 Nxa4 40. hxg5
hxg5 41. Bd2 Kc4 42. Bxg5 Nc3+ 43. Kf3 d3 44. cxd3+ Kxd3 45. Bc1 Nxe4 46. Bb2
Ng5+ 47. Kg3 e4 48. Kf2 Kd2 49. Bd4 Nh3+ 50. Kg3 e3 51. Kxh3 e2 52. Bc5 b3 53.
Bb4+ Kd1 54. g5 b2 0-1

[Event "II Weekend della Cipressina A"]
[Site "Venezia ITA"]
[Date "2013.11.29"]
[Round "1"]
[White "Esposito, Ivan"]
[Black "Dappiano, Andrea"]
[WhiteElo "1843"]
[BlackElo "2194"]
[Result "0-1"]
[PlyCount "68"]
[EventDate "2013.11.29"]

1. d4 e6 2. Nf3 f5 3. g3 Nf6 4. Bg2 d5 5. O-O Bd6 6. c4 c6 7. Bf4 Bxf4 8. gxf4
O-O 9. Ne5 Nbd7 10. Nd2 Nxe5 11. fxe5 Ne4 12. Nxe4 fxe4 13. c5 Bd7 14. Qd2 Be8
15. Kh1 Qh4 16. Qe3 Bh5 17. f3 exf3 18. Bxf3 Bxf3+ 19. Rxf3 Rxf3 20. exf3 Rf8
21. b4 Qh3 22. Rg1 Qxf3+ 23. Qxf3 Rxf3 24. Rg3 Rxg3 25. hxg3 Kf7 26. Kg2 Kg6
27. Kf3 Kg5 28. a3 h5 29. a4 h4 30. gxh4+ Kxh4 31. b5 g5 32. a5 a6 33. bxa6
bxa6 34. Kg2 g4 0-1

[Event "II Weekend della Cipressina A"]
[Site "Venezia ITA"]
[Date "2013.11.29"]
[Round "1"]
[White "Fregonese, Giulio"]
[Black "Zangrando, Gianpietro"]
[WhiteElo "2204"]
[BlackElo "1849"]
[Result "1-0"]
[PlyCount "85"]
[EventDate "2013.11.29"]

1. e4 e6 2. d4 d5 3. e5 c5 4. c3 Bd7 5. Nf3 Qb6 6. a4 Nc6 7. Be2 Na5 8. Nbd2
Nc6 9. dxc5 Bxc5 10. O-O Nh6 11. Nb3 Be7 12. a5 Qc7 13. Bf4 a6 14. Bd3 f5 15.
exf6 Qxf4 16. fxe7 e5 17. Nc5 Bg4 18. Be2 Nxe7 19. h3 Bxf3 20. Bxf3 e4 21. Be2
Qf6 22. Qb3 Qc6 23. Qxb7 Qxb7 24. Nxb7 O-O 25. Nc5 Rf6 26. Nd7 Rd6 27. Nb6 Ra7
28. Rfd1 Nhf5 29. Ra4 g6 30. g4 Nh4 31. Rxe4 dxe4 32. Rxd6 Kg7 33. Na4 Nc8 34.
Re6 Nf3+ 35. Kg2 Ng5 36. Rxa6 Rd7 37. h4 Rd2 38. hxg5 Rxe2 39. Kf1 Rd2 40. Re6
Nd6 41. a6 Kf7 42. Rf6+ Ke7 43. a7 1-0

[Event "II Weekend della Cipressina A"]
[Site "Venezia ITA"]
[Date "2013.11.29"]
[Round "1"]
[White "Gallo, Enrico"]
[Black "Stradiotto, Angelo"]
[WhiteElo "2107"]
[BlackElo "1751"]
[Result "1/2-1/2"]
[PlyCount "104"]
[EventDate "2013.11.29"]

1. e4 Nf6 2. e5 Ng8 3. d4 d6 4. Nf3 dxe5 5. Nxe5 Nd7 6. Bd3 c5 7. O-O cxd4 8.
Nxf7 Kxf7 9. Qh5+ g6 10. Bxg6+ hxg6 11. Qxh8 Bg7 12. Qh4 b6 13. c3 Ba6 14. Rd1
d3 15. Bg5 Ngf6 16. Nd2 Qc7 17. Bf4 e5 18. Bg3 Rh8 19. Qb4 Bf8 20. Qb3+ Kg7 21.
c4 Nh5 22. Qxd3 Nxg3 23. hxg3 Nf6 24. Ne4 Nxe4 25. Qxe4 Bb7 26. Qg4 Bc8 27. Qg5
Rh5 28. Qd8 Qc5 29. b4 Qc6 30. b5 Qc5 31. Qe8 Bg4 32. Rd8 Rf5 33. Rf1 Qxc4 34.
Qd7+ Rf7 35. Qd5 Qxd5 36. Rxd5 Be6 37. Rxe5 Bxa2 38. Ra1 Bc4 39. Ra4 Bb3 40.
Rf4 Rd7 41. Re8 Rd1+ 42. Kh2 Bc5 43. Rc8 Rd7 44. f3 Bc2 45. Rh4 Bd3 46. Rch8
Bxb5 47. g4 a5 48. g5 Kf7 49. Rf4+ Kg7 50. Rfh4 Kf7 51. Rf4+ Kg7 52. Rfh4 Kf7
1/2-1/2

[Event "II Weekend della Cipressina A"]
[Site "Venezia ITA"]
[Date "2013.11.29"]
[Round "1"]
[White "Guerra, Alessandro"]
[Black "Zanirato, Stefano"]
[WhiteElo "2226"]
[BlackElo "1866"]
[Result "1-0"]
[PlyCount "67"]
[EventDate "2013.11.29"]

1. c4 Nf6 2. Nf3 e6 3. Nc3 d5 4. d4 c6 5. e3 Bb4 6. Bd2 Nbd7 7. Bd3 Qe7 8. Ne5
Nxe5 9. dxe5 Nd7 10. f4 dxc4 11. Be2 Nb6 12. O-O Bxc3 13. Bxc3 Nd5 14. Bd2 b5
15. Qe1 g5 16. fxg5 Bb7 17. e4 Nb6 18. Be3 O-O-O 19. b3 c5 20. bxc4 Bxe4 21.
Qf2 Rhg8 22. h4 Nd7 23. cxb5 Nxe5 24. Bxc5 Qb7 25. Bxa7 Rd2 26. Rac1+ Kd7 27.
Rfd1 Rxd1+ 28. Rxd1+ Ke8 29. Bd4 Nd7 30. a4 h6 31. Rf1 Nf8 32. b6 hxg5 33. Bb5+
Kd8 34. Bf6+ 1-0

[Event "II Weekend della Cipressina A"]
[Site "Venezia ITA"]
[Date "2013.11.29"]
[Round "1"]
[White "Lodici, Lorenzo"]
[Black "Poli, Diego"]
[WhiteElo "2050"]
[BlackElo "1734"]
[Result "1-0"]
[PlyCount "75"]
[EventDate "2013.11.29"]

1. d4 d5 2. c4 e6 3. Nc3 c6 4. Nf3 Nf6 5. e3 Nbd7 6. Qc2 a6 7. b3 Bb4 8. Bb2
Bxc3+ 9. Bxc3 Ne4 10. Bd3 Nxc3 11. Qxc3 O-O 12. O-O Re8 13. e4 dxe4 14. Bxe4 f5
15. Bc2 Qf6 16. Rfe1 c5 17. Qe3 b6 18. d5 e5 19. b4 e4 20. Ba4 Rf8 21. Nd2 Ne5
22. bxc5 Nd3 23. cxb6 Nxe1 24. Rxe1 Bb7 25. Nb3 Rab8 26. Bd7 Bc8 27. Bxc8 Rfxc8
28. c5 Qf7 29. Qd4 Rd8 30. Rd1 Rbc8 31. Na5 f4 32. b7 Rb8 33. Nc6 f3 34. Nxd8
Qg6 35. g3 Rxd8 36. Qe5 Qb6 37. b8=Q Qxb8 38. Qxb8 1-0

[Event "II Weekend della Cipressina A"]
[Site "Venezia ITA"]
[Date "2013.11.29"]
[Round "1"]
[White "Militello, Michele"]
[Black "Vianello, Enrico"]
[WhiteElo "1796"]
[BlackElo "2157"]
[Result "0-1"]
[PlyCount "120"]
[EventDate "2013.11.29"]

1. d4 d5 2. Nf3 Nc6 3. e3 Bg4 4. h3 Bxf3 5. Qxf3 a6 6. c4 e6 7. cxd5 exd5 8.
Bd2 Nf6 9. Bd3 Bd6 10. Nc3 Ne7 11. e4 dxe4 12. Nxe4 Nxe4 13. Qxe4 Qc8 14. O-O
f5 15. Qe2 O-O 16. Rfe1 Qd7 17. Qe6+ Qxe6 18. Rxe6 Nc6 19. Bc3 Rad8 20. Bc4 Kh8
21. Rae1 b5 22. Bd5 Na7 23. b4 Nc8 24. Bb7 Nb6 25. Bxa6 Rb8 26. Bd2 Nc4 27. Bg5
h6 28. Be7 Rfe8 29. Bxd6 Rxe6 30. Rxe6 Nxd6 31. a4 bxa4 32. Bd3 Rxb4 33. Re5
Rxd4 34. Bxf5 Nxf5 35. Rxf5 Rc4 36. Ra5 Kg8 37. g3 Kf7 38. Kg2 Ke6 39. h4 Kd6
40. Kf3 Rb4 41. g4 c5 42. g5 Rxh4 43. gxh6 gxh6 44. Kg3 Rb4 45. Ra6+ Kd5 46.
Rxh6 c4 47. f4 c3 48. Rh2 a3 49. Kf3 Rb2 50. Rh5+ Kd4 51. Ra5 c2 52. Rxa3 c1=Q
53. Ra4+ Kc5 54. Ra5+ Kb6 55. Re5 Qd1+ 56. Ke4 Re2+ 57. Kf5 Rxe5+ 58. fxe5 Kc6
59. Ke6 Qd7+ 60. Kf6 Kd5 0-1

[Event "II Weekend della Cipressina A"]
[Site "Venezia ITA"]
[Date "2013.11.29"]
[Round "1"]
[White "Negro, Roberto"]
[Black "Barbieri, Lorenzo"]
[WhiteElo "2172"]
[BlackElo "1812"]
[Result "1-0"]
[PlyCount "91"]
[EventDate "2013.11.29"]

1. c4 c5 2. Nc3 Nf6 3. g3 g6 4. Bg2 Bg7 5. Nf3 O-O 6. d4 cxd4 7. Nxd4 d6 8. O-O
Nbd7 9. b3 Nc5 10. Bb2 Rb8 11. Rc1 Bd7 12. Qd2 a6 13. Rfd1 Qe8 14. Ba1 Bc6 15.
Nxc6 bxc6 16. Bb2 Qc8 17. Ba3 Nfd7 18. Bh3 Qc7 19. Qe3 Rfe8 20. b4 Nb7 21. b5
Nf6 22. b6 Qd8 23. c5 d5 24. Qf4 Nd7 25. Nxd5 cxd5 26. c6 e5 27. Qd2 Nxb6 28.
c7 Qf6 29. cxb8=Q Rxb8 30. Qc3 Bh6 31. Qc7 Qd8 32. Qxd8+ Nxd8 33. Rb1 d4 34.
Bd6 Rb7 35. Bg2 Nc4 36. Bxb7 Nxd6 37. Bxa6 Kf8 38. a4 Ke7 39. a5 Nc6 40. Ra1
Kd7 41. Rdb1 Kc7 42. Bb5 Na7 43. Ba4 Bd2 44. a6 Bc3 45. Ra3 Nc4 46. Rb7+ 1-0

[Event "II Weekend della Cipressina A"]
[Site "Venezia ITA"]
[Date "2013.11.29"]
[Round "1"]
[White "Renier, Renzo"]
[Black "Romagnoli, Thomas"]
[WhiteElo "1982"]
[BlackElo "1729"]
[Result "1/2-1/2"]
[PlyCount "82"]
[EventDate "2013.11.29"]

1. e4 e5 2. Nf3 Nc6 3. Bb5 a6 4. Bxc6 dxc6 5. O-O Bg4 6. h3 Bh5 7. d3 Bd6 8.
Nbd2 Nf6 9. Nc4 Qe7 10. Ne3 Bg6 11. Re1 O-O-O 12. Bd2 Nd7 13. Bc3 f6 14. Qd2
Rhf8 15. Nc4 Nb6 16. Nxd6+ Qxd6 17. a4 Qe6 18. Qe3 Kb8 19. b4 Bf7 20. b5 cxb5
21. axb5 axb5 22. Ra5 Qc6 23. Bb4 Rg8 24. Qc5 Qxc5 25. Bxc5 Be8 26. Bxb6 cxb6
27. Ra2 Bc6 28. Kf1 Kc7 29. Ke2 Ra8 30. Rea1 Rad8 31. Nd2 Rd4 32. Ra8 Rgd8 33.
Rxd8 Rxd8 34. Nb3 g6 35. f3 Kb8 36. d4 exd4 37. Rd1 Kc7 38. Nxd4 Re8 39. Kf2
Re5 40. Ra1 Kb8 41. Ra3 Bd7 1/2-1/2

[Event "II Weekend della Cipressina A"]
[Site "Venezia ITA"]
[Date "2013.11.29"]
[Round "1"]
[White "Roberti, Ignazio"]
[Black "Brun, Dario"]
[WhiteElo "1872"]
[BlackElo "2241"]
[Result "0-1"]
[PlyCount "102"]
[EventDate "2013.11.29"]

1. Nf3 d5 2. c4 c6 3. b3 Nf6 4. Bb2 Bg4 5. e3 e6 6. Be2 Nbd7 7. Nc3 Bd6 8. d4
O-O 9. h3 Bh5 10. O-O Qe7 11. cxd5 exd5 12. a4 a5 13. Nh4 Bxe2 14. Qxe2 g6 15.
Nf3 Rfe8 16. Nd2 Nf8 17. Rae1 Ne6 18. Qd3 Ng5 19. Re2 Nh5 20. h4 Ne4 21. Nf3
Nxc3 22. Qxc3 Bb4 23. Qc1 Nf4 24. Rc2 Nd3 25. Qd1 Nxb2 26. Rxb2 Qe4 27. Qc2 Qg4
28. Qd1 Bd6 29. g3 h6 30. Nh2 Qe6 31. h5 g5 32. Qf3 f5 33. Re1 Rf8 34. Rbe2
Rae8 35. Qg2 Kh8 36. Kh1 Qf7 37. f4 g4 38. Kg1 Qxh5 39. Kf2 Qg6 40. Rh1 h5 41.
Nf1 Rf7 42. Nd2 Rh7 43. Ree1 Be7 44. Rh2 h4 45. Reh1 h3 46. Qg1 Bb4 47. Qd1
Rhe7 48. Nf1 Kg8 49. Qd3 Re4 50. Qd1 Qe6 51. Qd3 c5 {...} 0-1

[Event "II Weekend della Cipressina A"]
[Site "Venezia ITA"]
[Date "2013.11.29"]
[Round "1"]
[White "Viviani, Bruno"]
[Black "Viaggi, Stefano"]
[WhiteElo "1733"]
[BlackElo "2033"]
[Result "0-1"]
[PlyCount "62"]
[EventDate "2013.11.29"]

1. d4 Nf6 2. Nc3 d5 3. Bg5 Bf5 4. f3 c5 5. dxc5 d4 6. e4 Bg6 7. Bb5+ Nc6 8.
Bxc6+ bxc6 9. Nce2 e5 10. b4 Be7 11. Nh3 O-O 12. O-O h6 13. Bh4 Nd7 14. Bxe7
Qxe7 15. c3 a5 16. a3 f5 17. cxd4 fxe4 18. Nc3 axb4 19. Nxe4 Bxe4 20. fxe4
Rxf1+ 21. Qxf1 bxa3 22. Qc4+ Kh8 23. Nf2 exd4 24. Qxd4 Qe5 25. Qd1 Nxc5 26. Ra2
Ne6 27. Qb3 Nd4 28. Qb7 Rb8 29. Nd3 Rxb7 30. Nxe5 Rb1+ 31. Kf2 Rb2+ 0-1

[Event "II Weekend della Cipressina A"]
[Site "Venezia ITA"]
[Date "2013.11.29"]
[Round "1"]
[White "Xia, Jie"]
[Black "Girgenti, Giuseppe"]
[WhiteElo "2284"]
[BlackElo "1931"]
[Result "1-0"]
[PlyCount "49"]
[EventDate "2013.11.29"]

1. e4 e5 2. Nf3 Nc6 3. d4 exd4 4. Bc4 Bc5 5. c3 Nge7 6. cxd4 Bb4+ 7. Nc3 d5 8.
exd5 Nxd5 9. O-O Bxc3 10. bxc3 O-O 11. Ng5 Bf5 12. Qf3 Nce7 13. Ba3 Bg6 14. h4
Nf6 15. Rfe1 Re8 16. g4 h6 17. Nh3 Qd7 18. Nf4 Be4 19. Qg3 Ng6 20. f3 Nxf4 21.
Qxf4 Bg6 22. Re5 Rxe5 23. dxe5 Ne8 24. h5 Bc2 25. Re1 1-0

[Event "II Weekend della Cipressina A"]
[Site "Venezia ITA"]
[Date "2013.11.29"]
[Round "1"]
[White "Zamengo, Bruno"]
[Black "Solomon, Kenny"]
[WhiteElo "1941"]
[BlackElo "2361"]
[Result "1/2-1/2"]
[PlyCount "130"]
[EventDate "2013.11.29"]

1. e4 d6 2. d4 Nf6 3. f3 c5 4. Nc3 cxd4 5. Qxd4 Nc6 6. Qf2 g6 7. Nge2 Bg7 8.
Be3 Bd7 9. Nf4 h5 10. h4 Rc8 11. Bd3 Qa5 12. O-O Bh6 13. Nfd5 Nxd5 14. Bxh6
Rxh6 15. Nxd5 Qc5 16. Rac1 Ne5 17. Qxc5 Rxc5 18. b4 Rc8 19. Kf2 f5 20. Rfe1 Kf7
21. Ke2 e6 22. Nf4 Rhh8 23. a3 Rc3 24. Ra1 fxe4 25. Bxe4 Rc7 26. Kd1 Ba4 27.
Ra2 Rhc8 28. Re2 b6 29. Nd3 Nxd3 30. Bxd3 Kf6 31. Kd2 e5 32. Re4 d5 33. Re2 Rd8
34. Rb2 Bc6 35. Ke3 Re7 36. Rd2 e4 37. fxe4 dxe4 38. Bf1 Rxd2 39. Kxd2 e3+ 40.
Ke1 e2 41. Bxe2 Bxg2 42. Kf2 Bc6 43. c4 Re4 44. Rd2 Ke7 45. Kg3 Re3+ 46. Kf4
Rxa3 47. Bd3 Rc3 48. Ke5 Be8 49. Rd1 Rb3 50. b5 Ra3 51. Kd4 a6 52. bxa6 Rxa6
53. Re1+ Kd7 54. Rg1 b5 55. cxb5 Rd6+ 56. Kc3 Kc7 57. Re1 Kd8 58. Re5 Bf7 59.
Re1 Be8 60. Re5 Rf6 61. Kd4 Rf4+ 62. Re4 Rf6 63. Re5 Rf4+ 64. Re4 Rf3 65. Re3
Rf6 1/2-1/2

[Event "II Weekend della Cipressina A"]
[Site "Venezia ITA"]
[Date "2013.11.30"]
[Round "2"]
[White "Barbieri, Lorenzo"]
[Black "Roberti, Ignazio"]
[WhiteElo "1812"]
[BlackElo "1872"]
[Result "1/2-1/2"]
[PlyCount "100"]
[EventDate "2013.11.29"]

1. d4 Nf6 2. c4 e6 3. Nc3 Bb4 4. Qc2 d5 5. e3 Nc6 6. Bd3 b6 7. Nf3 Bb7 8. O-O
O-O 9. b3 h6 10. Bb2 dxc4 11. bxc4 a5 12. a3 Bxc3 13. Bxc3 Qd6 14. e4 Qf4 15.
Bd2 Qg4 16. h3 Qh5 17. e5 Nd7 18. Be3 f5 19. exf6 Rxf6 20. Be4 Raf8 21. Kh2 e5
22. d5 Ne7 23. Qa4 Bc8 24. g4 Qf7 25. Nh4 Nc5 26. Bxc5 bxc5 27. f3 Rb6 28. Ng2
Rb2 29. Kg1 Ba6 30. Rab1 Rfb8 31. Rxb2 Rxb2 32. Rf2 Rb8 33. Qxa5 Bxc4 34. Qxc5
Bxd5 35. Qxc7 Ra8 36. Qxe5 Rxa3 37. Qb8+ Qf8 38. Qxf8+ Kxf8 39. Bxd5 Nxd5 40.
Kh2 g5 41. Kg3 Nf6 42. Re2 Kf7 43. Ne3 h5 44. Nc4 h4+ 45. Kf2 Rc3 46. Nd6+ Kg6
47. Ne4 Nxe4+ 48. Rxe4 Rc2+ 49. Re2 Rc3 50. Rd2 Kf6 1/2-1/2

[Event "II Weekend della Cipressina A"]
[Site "Venezia ITA"]
[Date "2013.11.30"]
[Round "2"]
[White "Brun, Dario"]
[Black "Boscolo, Marco"]
[WhiteElo "2241"]
[BlackElo "2125"]
[Result "1/2-1/2"]
[PlyCount "96"]
[EventDate "2013.11.29"]

1. d4 d5 2. c4 Nc6 3. Nc3 e5 4. cxd5 Nxd4 5. e3 Nf5 6. Nf3 Bd6 7. Bd3 Nf6 8.
O-O O-O 9. Qc2 Ne7 10. e4 Ng6 11. Nb5 a6 12. Nxd6 cxd6 13. Be3 Bd7 14. Rfc1 Rc8
15. Qb3 b5 16. Qa3 Qe7 17. Rxc8 Bxc8 18. Rc1 Bb7 19. Bb6 Rc8 20. Rxc8+ Bxc8 21.
Qc3 Bb7 22. Nd2 Nd7 23. Be3 Nc5 24. Bf1 Nf8 25. b4 Na4 26. Qc2 f5 27. f3 f4 28.
Bf2 Qd8 29. Nb3 Qc8 30. Bd3 Kf7 31. Na5 Ke8 32. Qxc8+ Bxc8 33. Bc2 Nc3 34. Kf1
Kd7 35. Be1 Na4 36. Bxa4 bxa4 37. Nc4 Kc7 38. Bf2 Bd7 39. Nxd6 Kxd6 40. Bc5+
Kc7 41. Bxf8 Bb5+ 42. Ke1 g5 43. a3 g4 44. Kf2 gxf3 45. Kxf3 Bd3 46. Bc5 Bc2
47. Be7 Bd1+ 48. Kf2 Bc2 1/2-1/2

[Event "II Weekend della Cipressina A"]
[Site "Venezia ITA"]
[Date "2013.11.30"]
[Round "2"]
[White "Dappiano, Andrea"]
[Black "Alfier, Cecilia"]
[WhiteElo "2194"]
[BlackElo "1693"]
[Result "1-0"]
[PlyCount "87"]
[EventDate "2013.11.29"]

1. e4 c5 2. Nf3 d6 3. d4 cxd4 4. Qxd4 Nc6 5. Bb5 Bd7 6. Bxc6 Bxc6 7. Nc3 Nf6 8.
Bg5 e6 9. O-O-O Be7 10. Rhe1 O-O 11. Qd2 Qa5 12. Kb1 Qc7 13. Bxf6 Bxf6 14. Qxd6
Qb6 15. e5 Rfd8 16. Qa3 Rxd1+ 17. Nxd1 Bd8 18. Qe3 Rc8 19. Qxb6 Bxb6 20. Re2
Rd8 21. Kc1 Ba5 22. c3 Bxf3 23. gxf3 Bb6 24. Ne3 Rc8 25. Rd2 Kf8 26. Rd7 Rc7
27. Rd8+ Ke7 28. Rh8 h6 29. Rg8 Bxe3+ 30. fxe3 g6 31. h4 h5 32. Kc2 Rd7 33. c4
b6 34. f4 Rc7 35. Kc3 b5 36. b3 bxc4 37. bxc4 Kd7 38. a4 Kc6 39. Rb8 a6 40. Kb4
Ra7 41. a5 Rb7+ 42. Rxb7 Kxb7 43. Kc5 Kc7 44. e4 1-0